Tourism and travel management / (Record no. 7520)

MARC details
000 -LEADER
fixed length control field 00577nam a22002052 4500
001 - CONTROL NUMBER
control field 0000007527
005 - DATE AND TIME OF LATEST TRANSACTION
control field 20151217152031.0
008 - FIXED-LENGTH DATA ELEMENTS--GENERAL INFORMATION
fixed length control field 080212s xx 000 0 eng d
020 ## - INTERNATIONAL STANDARD BOOK NUMBER
International Standard Book Number 8125905618 :
Terms of availability KES 325
040 ## - CATALOGING SOURCE
Original cataloging agency KABU
Transcribing agency KABU
100 1# - MAIN ENTRY--PERSONAL NAME
Personal name Ghosh, Biswanath.
-- 0000158790
245 10 - TITLE STATEMENT
Title Tourism and travel management /
Statement of responsibility, etc. Biswanath Ghosh.
250 ## - EDITION STATEMENT
Edition statement 2nd Rev. ed.
260 ## - PUBLICATION, DISTRIBUTION, ETC. (IMPRINT)
Place of publication, distribution, etc. New Delhi :
Name of publisher, distributor, etc. Vikas,
Date of publication, distribution, etc. 2000.
300 ## - PHYSICAL DESCRIPTION
Extent xii, 198 p.
650 #0 - SUBJECT ADDED ENTRY--TOPICAL TERM
Topical term or geographic name as entry element Tourism.
-- 0000149683
908 ## - PUT COMMAND PARAMETER (RLIN)
Put command parameter 080212
950 ## - LOCAL HOLDINGS (RLIN)
-- 1
Holdings
Withdrawn status Lost status Source of classification or shelving scheme Not for loan Home library Current library Date acquired Total Checkouts Full call number Barcode Date last seen Price effective from Koha item type
    Library of Congress Classification   Kabarak, Main Campus Kabarak, Main Campus 17/12/2015   G155 .A1G46 2000 012974 17/12/2015 17/12/2015 General Collection
Designed with assistance from East African Informatics Ltd